[Event "IV Memorial Aldo Perini A"]
[Site "Senigallia ITA"]
[Date "2010.08.06"]
[Round "5"]
[White "Miandro, Steven"]
[Black "Pegoraro, Nicola"]
[Result "0-1"]
[WhiteElo "1841"]
[BlackElo "2036"]
[PlyCount "70"]
[EventDate "2010.08.02"]

1. d4 f5 2. g3 Nf6 3. Bg2 g6 4. Nf3 Bg7 5. O-O O-O 6. c4 d6 7. Nc3 Nc6 8. d5
Ne5 9. Nxe5 dxe5 10. e4 f4 11. h3 fxg3 12. fxg3 Nh5 13. Kh2 a5 14. a4 Ra6 15.
Bg5 h6 16. Be3 Raf6 17. Qd2 Kh7 18. Ne2 Qd7 19. Qxa5 g5 20. Qd2 Nf4 21. Nxf4
gxf4 22. gxf4 exf4 23. Bxf4 Rxf4 24. Rxf4 Be5 25. Raf1 Qd6 26. Kh1 Rxf4 27.
Rxf4 Bxf4 28. Qf2 Qf6 29. Qc2 Be5 30. Qd3 Qf4 31. Kg1 Qc1+ 32. Bf1 Qxb2 33. Bg2
Qd4+ 34. Qxd4 Bxd4+ 35. Kf1 Bd7 0-1

[Event "IV Memorial Aldo Perini A"]
[Site "Senigallia ITA"]
[Date "2010.08.06"]
[Round "5"]
[White "Rebeggiani, Luca"]
[Black "Giretti Kanev, Jasen"]
[Result "1-0"]
[WhiteElo "2036"]
[BlackElo "2208"]
[PlyCount "147"]
[EventDate "2010.08.02"]

1. e4 c6 2. Nf3 d5 3. Nc3 dxe4 4. Nxe4 Nf6 5. Nxf6+ gxf6 6. d4 Bg4 7. c3 e6 8.
Be2 Nd7 9. Bf4 Nb6 10. Qb3 Qd5 11. Qxd5 Nxd5 12. Bd2 O-O-O 13. O-O-O Bd6 14. g3
Rhe8 15. Rhe1 Bc7 16. Nh4 f5 17. Ng2 Rg8 18. Ne3 Bxe2 19. Rxe2 h5 20. Nxd5 cxd5
21. f4 h4 22. Be1 Kd7 23. Kc2 hxg3 24. hxg3 Rh8 25. Bf2 Kc6 26. Kd3 Rh3 27. Ke3
Rg8 28. Kf3 Rg4 29. Kg2 Rh8 30. Rh1 Rxh1 31. Kxh1 b5 32. b4 Rg8 33. Be1 a5 34.
a3 Kd7 35. Rh2 axb4 36. axb4 Ra8 37. Kg1 Ra1 38. Kf1 Bd8 39. Rh7 Ke7 40. Rh8
Ra2 41. g4 fxg4 42. Rg8 Ra1 43. Ke2 Ra2+ 44. Kf1 Rc2 45. Rxg4 Bc7 46. Bh4+ Kf8
47. Be1 f5 48. Rg6 Kf7 49. Rh6 Bxf4 50. Rh7+ Kg6 51. Re7 Kf6 52. Bh4+ Bg5 53.
Bxg5+ Kxg5 54. Rxe6 Rxc3 55. Re5 Rc4 56. Rxd5 Rxb4 57. Rc5 Kf4 58. d5 Kf3 59.
Ke1 Ke3 60. Rc1 Rd4 61. Rc5 Rc4 62. Rxc4 bxc4 63. d6 c3 64. Kd1 f4 65. d7 f3
66. d8=Q f2 67. Qb6+ Kf3 68. Qb7+ Ke3 69. Qh1 c2+ 70. Kxc2 Ke2 71. Qe4+ Kf1 72.
Kd2 Kg1 73. Qg4+ Kf1 74. Ke3 1-0

[Event "IV Memorial Aldo Perini A"]
[Site "Senigallia ITA"]
[Date "2010.08.06"]
[Round "5"]
[White "Sernagiotto, Mirko Virgilio"]
[Black "Valsecchi, Alessio"]
[Result "0-1"]
[WhiteElo "1977"]
[BlackElo "2360"]
[PlyCount "60"]
[EventDate "2010.08.02"]

1. Nf3 Nf6 2. d4 c5 3. c3 b6 4. g3 Bb7 5. Bg2 e6 6. O-O Be7 7. b3 O-O 8. Nbd2
d5 9. Bb2 Nbd7 10. c4 Rc8 11. Rc1 Re8 12. e3 Rc7 13. Qe2 Qa8 14. Ne5 Nf8 15. f4
Ne4 16. Nxe4 dxe4 17. f5 f6 18. fxe6 cxd4 19. exd4 fxe5 20. d5 Nxe6 21. dxe6
Bc5+ 22. Kh1 Rxe6 23. Rcd1 Re8 24. Rfe1 Rf7 25. Rf1 Rxf1+ 26. Rxf1 Bd4 27. Re1
Rf8 28. Rf1 Rxf1+ 29. Bxf1 e3+ 30. Kg1 Bf3 0-1

[Event "IV Memorial Aldo Perini A"]
[Site "Senigallia ITA"]
[Date "2010.08.06"]
[Round "5"]
[White "Vesce, Emanuele"]
[Black "Marozzi, Giovanni"]
[Result "1/2-1/2"]
[WhiteElo "1735"]
[BlackElo "1928"]
[PlyCount "72"]
[EventDate "2010.08.02"]

1. d4 Nf6 2. Nf3 b6 3. c4 e6 4. g3 Bb7 5. Bg2 Be7 6. O-O O-O 7. Nc3 d5 8. Ne5
Nbd7 9. Nxd7 Qxd7 10. Qc2 c6 11. Rd1 h6 12. b3 Rfc8 13. Bb2 Ba6 14. cxd5 cxd5
15. Qd2 Bb4 16. Rac1 Ne4 17. Bxe4 dxe4 18. Qe3 Bxc3 19. Bxc3 Qd5 20. Rd2 Rc7
21. Rb2 Rac8 22. a4 Qg5 23. Qxg5 hxg5 24. Rbc2 f5 25. Kf1 Kf7 26. Ke1 b5 27.
Kd2 f4 28. a5 b4 29. Bb2 Rxc2+ 30. Rxc2 Bb5 31. Ke1 Bc6 32. Bc1 fxg3 33. hxg3
Kf6 34. Bd2 a6 35. Bxb4 Bd5 36. Bc3 Bxb3 1/2-1/2

[Event "IV Memorial Aldo Perini A"]
[Site "Senigallia ITA"]
[Date "2010.08.07"]
[Round "6"]
[White "Altini, Nicola"]
[Black "Mrdja, Milan"]
[Result "0-1"]
[WhiteElo "2120"]
[BlackElo "2372"]
[PlyCount "76"]
[EventDate "2010.08.02"]

1. Nf3 d5 2. d4 c6 3. Bf4 Bf5 4. e3 Qb6 5. Qc1 Nd7 6. Nbd2 Ngf6 7. h3 e6 8. Nh4
Bg6 9. Nxg6 hxg6 10. Bd3 c5 11. c3 Bd6 12. Bxd6 Qxd6 13. Nf3 a6 14. Qd1 e5 15.
dxe5 Nxe5 16. Nxe5 Qxe5 17. Qa4+ Ke7 18. O-O g5 19. e4 b5 20. Qa3 dxe4 21. Rae1
g4 22. Re3 gxh3 23. f4 Qd5 24. Rfe1 Kf8 25. Bxe4 h2+ 26. Kh1 Ng4 27. R3e2 Re8
28. c4 Rxe4 29. Qf3 Rxe2 30. Qxe2 Qe4 31. Qf1 Qd4 32. Re2 g6 33. f5 gxf5 34.
cxb5 axb5 35. b3 Kg7 36. Qc1 Kg6 37. Qe1 Rd8 38. g3 Qd1 0-1

[Event "IV Memorial Aldo Perini A"]
[Site "Senigallia ITA"]
[Date "2010.08.07"]
[Round "6"]
[White "Barlocco, Carlo"]
[Black "Damia, Angelo"]
[Result "0-1"]
[WhiteElo "2183"]
[BlackElo "2281"]
[PlyCount "76"]
[EventDate "2010.08.02"]

1. d4 d6 2. c4 e5 3. Nf3 e4 4. Ng5 f5 5. g3 Be7 6. Nh3 Nf6 7. Bg2 c6 8. Nc3 Be6
9. d5 Bf7 10. f3 cxd5 11. cxd5 Qa5 12. fxe4 Nxe4 13. Bd2 Nxd2 14. Qxd2 O-O 15.
O-O Bg6 16. Nf4 Nd7 17. Ne6 Rf7 18. a3 Bf6 19. Rac1 Nc5 20. Qd1 Qb6 21. Nxc5
Qxc5+ 22. Kh1 Bg5 23. Ra1 Raf8 24. h4 Be3 25. Qb3 f4 26. Bh3 Kh8 27. Be6 Rf6
28. g4 h5 29. g5 Rxe6 30. dxe6 Qf5 31. Rf3 Qg4 32. Raf1 Qxh4+ 33. Kg2 Qxg5+ 34.
Kh2 Bf5 35. Qd5 Qh4+ 36. Kg2 Rf6 37. Qxf5 Rxf5 38. Ne4 Re5 0-1

[Event "IV Memorial Aldo Perini A"]
[Site "Senigallia ITA"]
[Date "2010.08.07"]
[Round "6"]
[White "Bonino, Matteo"]
[Black "Giampaoletti, Andrea"]
[Result "0-1"]
[WhiteElo "1742"]
[BlackElo "1966"]
[PlyCount "54"]
[EventDate "2010.08.02"]

1. d4 Nc6 2. Nf3 d5 3. Bf4 Bg4 4. Nbd2 a6 5. h3 Bh5 6. c3 e6 7. e4 dxe4 8. Nxe4
Qd5 9. Ned2 O-O-O 10. Qb3 Nf6 11. Qxd5 Nxd5 12. Bh2 Bd6 13. Bxd6 Rxd6 14. Nc4
Rdd8 15. Nfe5 Nxe5 16. Nxe5 f6 17. Ng4 e5 18. dxe5 f5 19. Nh2 Rhe8 20. f3 Rxe5+
21. Kf2 Nf4 22. g3 Rd2+ 23. Kg1 Ne2+ 24. Kf2 Nxc3+ 25. Kg1 Ne2+ 26. Kf2 Nd4+
27. Kg1 Bxf3 0-1

[Event "IV Memorial Aldo Perini A"]
[Site "Senigallia ITA"]
[Date "2010.08.07"]
[Round "6"]
[White "Buratti, Ettore"]
[Black "Frontini, Fabio"]
[Result "1/2-1/2"]
[WhiteElo "1839"]
[BlackElo "1965"]
[PlyCount "66"]
[EventDate "2010.08.02"]

1. c4 c6 2. e4 d5 3. exd5 cxd5 4. cxd5 Nf6 5. Nc3 Nxd5 6. d4 e6 7. Nf3 Bb4 8.
Bd2 O-O 9. Bd3 Nf6 10. O-O Nc6 11. Bg5 Be7 12. h3 b6 13. Rc1 Bb7 14. Be3 Rc8
15. Ne5 Nb4 16. Bb1 Nbd5 17. Qd3 g6 18. Bh6 Re8 19. Rfd1 Bf8 20. Bxf8 Kxf8 21.
Qd2 Kg7 22. Ne2 Qd6 23. Rxc8 Rxc8 24. Rc1 Rd8 25. Qc2 Ne8 26. Qa4 a5 27. a3 f6
28. Nc4 Qe7 29. Qb3 Ba6 30. Bd3 Rb8 31. Ne3 a4 32. Qd1 Bxd3 33. Qxd3 Nec7
1/2-1/2

[Event "IV Memorial Aldo Perini A"]
[Site "Senigallia ITA"]
[Date "2010.08.07"]
[Round "6"]
[White "Calza, Gabriele"]
[Black "Sabia, Corrado"]
[Result "1/2-1/2"]
[WhiteElo "1992"]
[BlackElo "2212"]
[PlyCount "73"]
[EventDate "2010.08.02"]

1. Nf3 d5 2. c4 c6 3. g3 Bg4 4. Bg2 Nd7 5. cxd5 cxd5 6. Qa4 Ngf6 7. Nc3 Bxf3 8.
Bxf3 e6 9. O-O Be7 10. d4 O-O 11. Bf4 Nb6 12. Qb3 Bd6 13. Bxd6 Qxd6 14. Rac1
Nc4 15. Rfd1 Qe7 16. e4 dxe4 17. Nxe4 Nb6 18. Nxf6+ gxf6 19. Qe3 Rfe8 20. Qf4
Rac8 21. Rxc8 Nxc8 22. d5 Rd8 23. Re1 f5 24. g4 fxg4 25. Qxg4+ Kh8 26. Kh1 e5
27. Rg1 f6 28. d6 Qf7 29. Qh4 Rxd6 30. Bh5 Qe7 31. Bg6 Rd4 32. Qh3 Rd8 33. f3
Nb6 34. Bc2 Qd7 35. Bf5 Qe7 36. Qg4 Qf8 37. Be6 1/2-1/2

[Event "IV Memorial Aldo Perini A"]
[Site "Senigallia ITA"]
[Date "2010.08.07"]
[Round "6"]
[White "Danese, Aldo"]
[Black "Pasquotto, Mirko"]
[Result "1/2-1/2"]
[WhiteElo "1973"]
[BlackElo "1921"]
[PlyCount "125"]
[EventDate "2010.08.02"]

1. Nf3 Nf6 2. d4 g6 3. c3 Bg7 4. Bg5 Ne4 5. Bf4 c5 6. Qc2 d5 7. Nbd2 Bf5 8.
Qa4+ Bd7 9. Qb3 Bc6 10. e3 Nd7 11. Nxe4 dxe4 12. Ng5 e6 13. Bc4 Qe7 14. Qc2
cxd4 15. exd4 e3 16. fxe3 O-O 17. O-O e5 18. dxe5 Nxe5 19. Bxe5 Qxg5 20. Bd4
Rae8 21. Rae1 Bxd4 22. exd4 Bd5 23. Bxd5 Qxd5 24. b3 b5 25. Qd3 f5 26. c4 bxc4
27. bxc4 Qa5 28. Re2 Rxe2 29. Qxe2 Qc3 30. d5 Qd4+ 31. Kh1 Rb8 32. Rd1 Qc5 33.
Qe6+ Kg7 34. d6 Qd4 35. Re1 Rb6 36. Qe7+ Kh6 37. d7 Rd6 38. h4 Rxd7 39. Qg5+
Kg7 40. Re7+ Rxe7 41. Qxe7+ Kg8 42. c5 Qf2 43. Qe6+ Kg7 44. Qc4 f4 45. Qc3+ Kg8
46. c6 f3 47. gxf3 Qxh4+ 48. Kg2 Qg5+ 49. Kf2 Qh4+ 50. Ke3 Qe7+ 51. Kd3 Qc7 52.
Qb3+ Kf8 53. Qe6 Qd8+ 54. Kc4 Qe7 55. Qc8+ Qe8 56. Qb7 Qe6+ 57. Kc5 Qe5+ 58.
Kc4 Qe6+ 59. Kc3 Qe3+ 60. Kb4 Qd4+ 61. Ka3 Qc3+ 62. Ka4 Qc4+ 63. Qb4+ 1/2-1/2

[Event "IV Memorial Aldo Perini A"]
[Site "Senigallia ITA"]
[Date "2010.08.07"]
[Round "6"]
[White "Filippini, Emanuele"]
[Black "Scipioni, Gaetano"]
[Result "0-1"]
[WhiteElo "1896"]
[BlackElo "2024"]
[PlyCount "70"]
[EventDate "2010.08.02"]

1. e4 d5 2. exd5 Qxd5 3. Nc3 Qa5 4. d4 Nf6 5. Bd3 Bf5 6. Nge2 e6 7. Bxf5 Qxf5
8. Ng3 Qa5 9. O-O Nbd7 10. Qf3 O-O-O 11. Be3 h5 12. Rfb1 h4 13. Nge2 Qh5 14.
Qxh5 Rxh5 15. Nf4 Rf5 16. Nce2 Bd6 17. c4 Ng4 18. c5 Nxe3 19. fxe3 Bxf4 20.
Nxf4 c6 21. Rf1 e5 22. Ne2 Rxf1+ 23. Kxf1 Nf6 24. h3 Nd5 25. Kf2 Nb4 26. Kf3
exd4 27. exd4 Re8 28. a3 Nd5 29. Re1 Re3+ 30. Kf2 Rd3 31. Rc1 Rd2 32. Kf3 Rxb2
33. Ra1 Rd2 34. Re1 Rd3+ 35. Kg4 Ne3+ 0-1

[Event "IV Memorial Aldo Perini A"]
[Site "Senigallia ITA"]
[Date "2010.08.07"]
[Round "6"]
[White "Gambardella, Piero"]
[Black "Calavalle, Giulio"]
[Result "0-1"]
[WhiteElo "1998"]
[BlackElo "2201"]
[PlyCount "100"]
[EventDate "2010.08.02"]

1. d4 c5 2. d5 f5 3. g4 fxg4 4. e4 d6 5. Nc3 Nf6 6. Bg5 Nbd7 7. h3 Qa5 8. Qd2
Ne5 9. Bxf6 gxf6 10. hxg4 Bxg4 11. f4 Ng6 12. Bb5+ Kd8 13. Be2 Bxe2 14. Ngxe2
b5 15. e5 fxe5 16. f5 Nf4 17. Nxf4 exf4 18. f6 Kc7 19. Qxf4 h5 20. O-O Rg8+ 21.
Kh1 Rg4 22. Qe3 Qb4 23. Rf3 exf6 24. a3 Rh4+ 25. Kg1 Qg4+ 26. Rg3 Qxg3+ 27.
Qxg3 Rg4 28. Kh2 Rxg3 29. Kxg3 a6 30. Rh1 Re8 31. Rxh5 Re5 32. Rh7+ Kb6 33. Rf7
Be7 34. Kf4 Kc7 35. Ne4 Kd8 36. Nxf6 Bxf6 37. Rxf6 Rxd5 38. Rf7 Rd2 39. Ke4
Rxc2 40. Kd5 Rd2+ 41. Kc6 c4 42. Rd7+ Ke8 43. Rxd6 Rxb2 44. Kb6 Ke7 45. Rc6 Kd7
46. Rc7+ Kd6 47. Rc8 Kd5 48. Rd8+ Ke4 49. Kxa6 c3 50. a4 bxa4 0-1

[Event "IV Memorial Aldo Perini A"]
[Site "Senigallia ITA"]
[Date "2010.08.07"]
[Round "6"]
[White "Giretti Kanev, Jasen"]
[Black "Leveque, Sergio"]
[Result "1-0"]
[WhiteElo "2208"]
[BlackElo "2035"]
[PlyCount "119"]
[EventDate "2010.08.02"]

1. c4 e5 2. g3 Nc6 3. Bg2 g6 4. Nc3 Bg7 5. d3 d6 6. Rb1 Be6 7. b4 Qc8 8. h4 h6
9. Nd5 Nce7 10. b5 c6 11. bxc6 bxc6 12. Qa4 Bd7 13. Nc3 Nf6 14. Qb4 Nf5 15. Qb7
Qxb7 16. Rxb7 Kd8 17. Nf3 Kc8 18. Rb3 Kc7 19. O-O Rhb8 20. Rxb8 Rxb8 21. c5 Ne8
22. cxd6+ Nexd6 23. Nd2 Nb5 24. Nde4 Nfd4 25. e3 Nxc3 26. Nxc3 Ne6 27. Ba3 Bf8
28. Bxf8 Rxf8 29. Rc1 f5 30. f4 exf4 31. gxf4 Rb8 32. Rc2 Kd6 33. Kf2 Nc5 34.
d4 Na6 35. Na4 Nb4 36. Rd2 Nd5 37. Nc5 Re8 38. Bxd5 cxd5 39. Rb2 Bc6 40. Nd3
Rc8 41. Kf3 Rg8 42. Ne5 Rg7 43. Rb8 Ba4 44. Rh8 h5 45. Rf8 Ke6 46. Rc8 Kf6 47.
Rc5 Ke6 48. Ra5 Bd1+ 49. Kf2 Rb7 50. Ra6+ Rb6 51. Rxa7 Rb2+ 52. Ke1 Bg4 53.
Ra6+ Ke7 54. Nxg6+ Kd7 55. Ne5+ Ke7 56. Nxg4 hxg4 57. h5 Rh2 58. h6 Kd8 59. Kf1
Kc8 60. a4 1-0

[Event "IV Memorial Aldo Perini A"]
[Site "Senigallia ITA"]
[Date "2010.08.07"]
[Round "6"]
[White "Mandolini, Riccardo"]
[Black "Borgiani, Flavio"]
[Result "1-0"]
[WhiteElo "2101"]
[BlackElo "2194"]
[PlyCount "85"]
[EventDate "2010.08.02"]

1. Nc3 a6 2. d4 b5 3. e4 Bb7 4. Bd3 e6 5. Be3 Nf6 6. g4 b4 7. g5 bxc3 8. gxf6
cxb2 9. fxg7 Bb4+ 10. Kf1 Rg8 11. Rb1 Qh4 12. Qf3 Ba3 13. Qg3 Qxg3 14. hxg3
Rxg7 15. Rh5 c5 16. d5 d6 17. Bd2 e5 18. Bc3 Nd7 19. Bxb2 Bxb2 20. Rxb2 O-O-O
21. Rh6 Kc7 22. Nf3 Nb6 23. Nh4 Bc8 24. Rb3 Rf8 25. c4 a5 26. Rb5 f5 27. exf5
e4 28. Bxe4 Nxc4 29. Bd3 Ne5 30. Be2 Ba6 31. Rxa5 Bxe2+ 32. Kxe2 Kb6 33. Ra3 c4
34. Rxd6+ Kc5 35. Re6 Kd4 36. f4 Nd3 37. Nf3+ Kc5 38. Ne5 Nb2 39. Ra5+ Kb4 40.
Nc6+ Kc3 41. Re3+ Nd3 42. Rc5 Kb2 43. Rxc4 1-0

[Event "IV Memorial Aldo Perini A"]
[Site "Senigallia ITA"]
[Date "2010.08.07"]
[Round "6"]
[White "Marozzi, Giovanni"]
[Black "Sernagiotto, Mirko Virgilio"]
[Result "1-0"]
[WhiteElo "1928"]
[BlackElo "1977"]
[PlyCount "125"]
[EventDate "2010.08.02"]

1. e4 e5 2. Nf3 Nc6 3. Bb5 a6 4. Bxc6 dxc6 5. d4 exd4 6. Qxd4 Be6 7. Nc3 Nf6 8.
Bg5 Be7 9. O-O-O O-O 10. Qxd8 Rfxd8 11. Nd4 Bd7 12. Rhe1 h6 13. Bh4 g5 14. Bg3
Ne8 15. e5 c5 16. Nde2 Be6 17. Rxd8 Rxd8 18. Rd1 Rxd1+ 19. Kxd1 b5 20. f3 f6
21. a4 b4 22. Ne4 f5 23. Nd2 Ng7 24. Bf2 c4 25. b3 c3 26. Nc4 Bxc4 27. bxc4 c5
28. Nc1 Kf7 29. Nd3 Ne6 30. g4 f4 31. Nc1 Nf8 32. Nd3 Ne6 33. Nc1 Ke8 34. Ke2
Kd7 35. Kd3 Nf8 36. Nb3 Kc6 37. Ke4 Nd7 38. a5 Bf8 39. Kf5 Be7 40. Ke6 Bd8 41.
Kf5 Be7 42. e6 Nb8 43. Kg6 Kc7 44. Kf7 Nc6 45. Bxc5 Bxc5 46. Nxc5 Kd8 47. Nd3
b3 48. cxb3 c2 49. h3 c1=Q 50. Nxc1 Ne5+ 51. Kf8 Ng6+ 52. Kg7 Ne5 53. Kxh6 Nxf3
54. Ne2 Ke7 55. b4 Kxe6 56. b5 Kd6 57. bxa6 Kc7 58. c5 Kc6 59. h4 gxh4 60. Nxf4
Ng1 61. g5 h3 62. Nxh3 Nxh3 63. g6 1-0

[Event "IV Memorial Aldo Perini A"]
[Site "Senigallia ITA"]
[Date "2010.08.07"]
[Round "6"]
[White "Padovani, Alessio"]
[Black "Cavezzana, Davide"]
[Result "1-0"]
[WhiteElo "1976"]
[BlackElo "1746"]
[PlyCount "97"]
[EventDate "2010.08.02"]

1. c4 c6 2. g3 Nf6 3. Bg2 d5 4. d4 Bf5 5. cxd5 cxd5 6. Nc3 e6 7. Nf3 h6 8. Qb3
Nc6 9. O-O Nb4 10. Ne1 Qd7 11. a3 Nc6 12. Nf3 Na5 13. Qd1 Bd6 14. Nd2 Rc8 15.
e4 dxe4 16. Ndxe4 Nxe4 17. Nxe4 Be7 18. Be3 Nc4 19. b4 b6 20. Qb3 O-O 21. Rac1
Nd6 22. f3 Bh7 23. Rfd1 Rxc1 24. Rxc1 Rc8 25. Qb2 Rxc1+ 26. Qxc1 Qc8 27. Qxc8+
Nxc8 28. Kf2 Nd6 29. Nxd6 Bxd6 30. Ke2 Kf8 31. f4 Ke8 32. Kd2 Bb1 33. Kc3 Ba2
34. d5 Ke7 35. Kd4 f6 36. dxe6 Kxe6 37. Bh3+ Ke7 38. Bf1 Kd7 39. Bc4 Bxc4 40.
Kxc4 Kc6 41. a4 Be7 42. f5 Bd6 43. b5+ Kd7 44. Kd5 Bb8 45. Bf4 Bxf4 46. gxf4 h5
47. h4 Ke7 48. Kc6 Ke8 49. Kb7 1-0

[Event "IV Memorial Aldo Perini A"]
[Site "Senigallia ITA"]
[Date "2010.08.07"]
[Round "6"]
[White "Pegoraro, Nicola"]
[Black "Guccione, Daniele"]
[Result "1/2-1/2"]
[WhiteElo "2036"]
[BlackElo "1924"]
[PlyCount "105"]
[EventDate "2010.08.02"]

1. e4 e5 2. Nf3 Nc6 3. d4 exd4 4. Bc4 Nf6 5. O-O Nxe4 6. Re1 d5 7. Bxd5 Qxd5 8.
Nc3 Qa5 9. Nxe4 Be6 10. Neg5 O-O-O 11. Nxe6 fxe6 12. Rxe6 Bd6 13. Bg5 Rde8 14.
Qe2 Kd7 15. Rxe8 Rxe8 16. Qd3 h6 17. Bd2 Qh5 18. g3 Qg4 19. Re1 Rxe1+ 20. Bxe1
Qe6 21. a3 a6 22. Bd2 Ne5 23. Nxe5+ Qxe5 24. f4 Qf6 25. Qe4 c6 26. Kg2 Kc7 27.
c3 c5 28. h3 Qe7 29. Kf3 dxc3 30. Qxe7+ Bxe7 31. Bxc3 g6 32. Ke4 Kd6 33. Bg7 h5
34. f5 gxf5+ 35. Kxf5 Kd5 36. Be5 b5 37. Bf4 b4 38. axb4 cxb4 39. Be5 b3 40.
Bc3 Bd6 41. g4 hxg4 42. hxg4 a5 43. g5 a4 44. g6 Bf8 45. Bh8 Bh6 46. Bc3 Bf8
47. Be5 Bh6 48. Bf6 Bf8 49. Bc3 Bh6 50. Kf6 Kc4 51. Be5 Kd5 52. Kf5 Bf8 53. Bc3
1/2-1/2

[Event "IV Memorial Aldo Perini A"]
[Site "Senigallia ITA"]
[Date "2010.08.07"]
[Round "6"]
[White "Raselli, Claudio"]
[Black "Rago, Riccardo"]
[Result "1/2-1/2"]
[WhiteElo "1953"]
[BlackElo "2103"]
[PlyCount "54"]
[EventDate "2010.08.02"]

1. d4 d5 2. Nf3 Nf6 3. e3 c6 4. Bd3 e6 5. Nbd2 Nbd7 6. O-O Bd6 7. e4 dxe4 8.
Nxe4 Nxe4 9. Bxe4 Nf6 10. Bd3 O-O 11. Bg5 c5 12. dxc5 Bxc5 13. Qe2 Be7 14. Rfd1
Qc7 15. Ne5 Nd5 16. Bxe7 Qxe7 17. Qe4 g6 18. Bc4 Nb6 19. Bb3 f6 20. Nc4 Nd7 21.
Nd6 Nc5 22. Qe3 Nxb3 23. Qxb3 b6 24. Nxc8 Raxc8 25. Rd2 Rfd8 26. Rad1 Rxd2 27.
Rxd2 Rc7 1/2-1/2

[Event "IV Memorial Aldo Perini A"]
[Site "Senigallia ITA"]
[Date "2010.08.07"]
[Round "6"]
[White "Rizzardi, Franco"]
[Black "Belezky, Alexander"]
[Result "0-1"]
[WhiteElo "2002"]
[BlackElo "2440"]
[PlyCount "138"]
[EventDate "2010.08.02"]

1. e4 c5 2. Nf3 d6 3. d4 cxd4 4. Nxd4 Nf6 5. Nc3 g6 6. Bc4 Bg7 7. h3 O-O 8. Bb3
Nc6 9. Be3 Bd7 10. O-O Qa5 11. f4 Nxd4 12. Bxd4 Bc6 13. Qd3 e6 14. Rad1 Rfd8
15. Bf2 d5 16. e5 Nd7 17. Qe3 Rdc8 18. Rfe1 Kh8 19. g4 Re8 20. Qg3 Rg8 21. Kh2
Rae8 22. Bd4 Bf8 23. Qe3 Bc5 24. Ne2 Bxd4 25. Qxd4 Qc5 26. c3 Bb5 27. Ng3 Qxd4
28. Rxd4 Bc6 29. g5 h5 30. h4 Nb6 31. Nf1 Rc8 32. Ne3 Bb5 33. a3 Ba6 34. Kg3
Rc7 35. Red1 Rgc8 36. R1d2 Kg7 37. Kf3 Kf8 38. Kf2 Nd7 39. Bc2 Nb8 40. Rd1 Nc6
41. R4d2 b6 42. Bb3 Na5 43. Bc2 Bc4 44. Rg1 Bb3 45. Bd3 Rd8 46. Bb1 Rcd7 47.
Re1 d4 48. cxd4 Rxd4 49. Rxd4 Rxd4 50. Kf3 Rd2 51. Re2 Bd1 52. Nxd1 Rxd1 53.
Be4 Nb3 54. Ke3 Nc5 55. Bc2 Rh1 56. Rf2 Rh3+ 57. Rf3 Rxh4 58. b4 Na6 59. Ba4
Rh1 60. Bc6 Rc1 61. Bb7 Nc7 62. Ke4 Nb5 63. Rd3 Rc4+ 64. Ke3 Rc3 65. a4 Rxd3+
66. Kxd3 Nc7 67. a5 Nd5 68. Kc4 h4 69. axb6 axb6 0-1

[Event "IV Memorial Aldo Perini A"]
[Site "Senigallia ITA"]
[Date "2010.08.07"]
[Round "6"]
[White "Salvioli, Alessandro"]
[Black "Occari, Maurizio"]
[Result "1-0"]
[WhiteElo "1969"]
[BlackElo "2065"]
[PlyCount "76"]
[EventDate "2010.08.02"]

1. e4 g6 2. d4 Bg7 3. c3 d6 4. Bd3 Nf6 5. f4 c5 6. Nf3 O-O 7. O-O Bg4 8. dxc5
dxc5 9. e5 Nfd7 10. h3 Be6 11. Qe2 Nb6 12. Nbd2 Nc6 13. Nc4 Nd5 14. a4 Na5 15.
Nxa5 Qxa5 16. g4 c4 17. Be4 f5 18. gxf5 gxf5 19. Bc2 Bh6 20. Nd4 Qb6 21. a5 Qc5
22. Kh1 Bd7 23. Qh5 Kh8 24. Qxh6 Rg8 25. Bd2 Nb4 26. Bd1 Nd3 27. Bf3 Rg6 28.
Qh4 Rag8 29. Rg1 Nxb2 30. Rxg6 Rxg6 31. Be3 Nd3 32. Rg1 Rxg1+ 33. Bxg1 Qa3 34.
Qh6 e6 35. Qf6+ Kg8 36. Qd8+ Qf8 37. Qxd7 Nxf4 38. Nxe6 Nxh3 1-0

[Event "IV Memorial Aldo Perini A"]
[Site "Senigallia ITA"]
[Date "2010.08.07"]
[Round "6"]
[White "Stromboli, Carlo"]
[Black "Rebeggiani, Luca"]
[Result "1/2-1/2"]
[WhiteElo "2285"]
[BlackElo "2036"]
[PlyCount "121"]
[EventDate "2010.08.02"]

1. e4 c5 2. Nf3 Nc6 3. d4 cxd4 4. Nxd4 e5 5. Nb5 d6 6. N1c3 a6 7. Na3 b5 8. Nd5
Nf6 9. Bg5 Be7 10. Bxf6 Bxf6 11. c3 O-O 12. Nc2 Bg5 13. a4 bxa4 14. Rxa4 a5 15.
Bc4 Rb8 16. b3 Ne7 17. h4 Nxd5 18. Bxd5 Bh6 19. b4 axb4 20. Nxb4 Qc7 21. O-O
Qxc3 22. Nc6 Rb7 23. Na5 Rc7 24. Nc4 Bd7 25. Ra3 Qb4 26. Rb3 Qc5 27. Nxd6 Ba4
28. Nxf7 Bxb3 29. Nxh6+ Kh8 30. Qxb3 gxh6 31. Qb2 Qd4 32. Qxd4 exd4 33. Rd1 Rc2
34. f3 Rb8 35. Rxd4 Rbb2 36. Kh2 Rxg2+ 37. Kh3 Kg7 38. Ra4 h5 39. Ra7+ Kh6 40.
e5 Rh2+ 41. Kg3 Rbg2+ 42. Kf4 Rxh4+ 43. Ke3 Rg7 44. Ra6+ Kg5 45. Be4 Rf4 46.
Ra5 Rf8 47. f4+ Rxf4 48. e6+ Kg4 49. Ra1 Rxe4+ 50. Kxe4 Re7 51. Rg1+ Kh3 52.
Kf3 Kh2 53. Re1 h6 54. Re5 h4 55. Re2+ Kh3 56. Re1 Kh2 57. Kg4 Kg2 58. Re2+ Kf1
59. Re3 Kf2 60. Kf4 h3 61. Rxh3 1/2-1/2

[Event "IV Memorial Aldo Perini A"]
[Site "Senigallia ITA"]
[Date "2010.08.07"]
[Round "6"]
[White "Stromboli, Ettore"]
[Black "De Santis, Alessio"]
[Result "1/2-1/2"]
[WhiteElo "2259"]
[BlackElo "2348"]
[PlyCount "20"]
[EventDate "2010.08.02"]

1. e4 c5 2. Nf3 g6 3. d4 cxd4 4. Nxd4 Bg7 5. c4 Nc6 6. Be3 Nf6 7. Nc3 O-O 8.
Be2 d6 9. O-O Bd7 10. Rc1 Nxd4 1/2-1/2

[Event "IV Memorial Aldo Perini A"]
[Site "Senigallia ITA"]
[Date "2010.08.07"]
[Round "6"]
[White "Turazza, Andrea"]
[Black "Giuliani, Sante"]
[Result "1/2-1/2"]
[WhiteElo "1857"]
[BlackElo "2018"]
[PlyCount "142"]
[EventDate "2010.08.02"]

1. Nf3 g6 2. d4 Bg7 3. e3 d5 4. Bd3 e6 5. b3 c5 6. Bb2 Nc6 7. Ne5 Nxe5 8. dxe5
Ne7 9. O-O O-O 10. f4 Bd7 11. Nd2 b5 12. c4 Qb6 13. Rb1 Rfd8 14. Qe2 a6 15. Qf2
Bc6 16. Bc2 Ra7 17. cxd5 Bxd5 18. e4 Ba8 19. b4 Rc7 20. Nb3 Qc6 21. Nxc5 a5 22.
a3 axb4 23. axb4 Qe8 24. Rfd1 Rcc8 25. Rd6 Nc6 26. Qd2 Bf8 27. Rxd8 Rxd8 28.
Qe1 Nd4 29. Bxd4 Rxd4 30. Rd1 Qd8 31. Qe2 Rxd1+ 32. Qxd1 Qxd1+ 33. Bxd1 Bxc5+
34. bxc5 Bxe4 35. Kf2 Kf8 36. g3 Ke7 37. Ke3 Bd5 38. Kd4 Kd7 39. Kc3 Kc6 40.
Kb4 h6 41. Be2 g5 42. Bxb5+ Kc7 43. Be8 gxf4 44. gxf4 Be4 45. Bxf7 Bf5 46. h4
Bg4 47. Bg6 Bh3 48. Bd3 Bg4 49. Kb5 Bh3 50. Kc4 Kc6 51. Be4+ Kc7 52. c6 Bg4 53.
Kc5 Bh3 54. Bg6 Bg2 55. Be8 Be4 56. Bd7 Bf5 57. Be8 Be4 58. Bf7 Bf5 59. h5 Bg4
60. Bg6 Bf3 61. f5 exf5 62. Bxf5 Bxh5 63. Bd7 Bf3 64. Be8 h5 65. e6 h4 66. e7
h3 67. Bd7 Bh5 68. Bxh3 Be8 69. Bg2 Bd7 70. Be4 Be8 71. Kd5 Bxc6+ 1/2-1/2

[Event "IV Memorial Aldo Perini A"]
[Site "Senigallia ITA"]
[Date "2010.08.07"]
[Round "6"]
[White "Valsecchi, Alessio"]
[Black "Ubezio, Marco"]
[Result "1-0"]
[WhiteElo "2360"]
[BlackElo "2135"]
[PlyCount "83"]
[EventDate "2010.08.02"]

1. e4 Nf6 2. e5 Nd5 3. d4 d6 4. Nf3 Bg4 5. Be2 Nc6 6. c4 Nb6 7. exd6 exd6 8.
O-O Be7 9. Be3 O-O 10. Nbd2 d5 11. c5 Nc8 12. Qb3 Rb8 13. Qc3 Bf6 14. b4 Re8
15. h3 Be6 16. Rfe1 a6 17. a4 a5 18. bxa5 Ra8 19. Bb5 N8e7 20. Bg5 Bxg5 21.
Nxg5 Bf5 22. Nb3 Rf8 23. Ra2 h6 24. Nf3 Be4 25. Rae2 Ra7 26. Nh2 Bf5 27. Qd2
Be6 28. Ng4 Qa8 29. Bd3 Nf5 30. Bc2 Nxa5 31. Nxa5 Rxa5 32. Qf4 Qc8 33. Re5 Ne7
34. Nxh6+ gxh6 35. Qxh6 Nf5 36. Qh5 Ra6 37. Rxf5 Bxf5 38. Bxf5 Rh6 39. Qxh6
Qxf5 40. Re5 Qb1+ 41. Kh2 f6 42. Re7 1-0

[Event "IV Memorial Aldo Perini A"]
[Site "Senigallia ITA"]
[Date "2010.08.07"]
[Round "6"]
[White "Vincenzi, Marco"]
[Black "Capito', Mario"]
[Result "0-1"]
[WhiteElo "2103"]
[BlackElo "1823"]
[PlyCount "68"]
[EventDate "2010.08.02"]

1. e4 e5 2. Nf3 Nc6 3. Nc3 Nf6 4. Bb5 d6 5. d4 exd4 6. Nxd4 Bd7 7. O-O Be7 8.
Bg5 O-O 9. Bxc6 bxc6 10. Qf3 h6 11. Bh4 Nh7 12. Bxe7 Qxe7 13. Rfe1 Qe5 14. Qd3
Rab8 15. b3 Ng5 16. Qd2 c5 17. Nf5 Bxf5 18. exf5 Qxf5 19. h4 Ne6 20. Nd5 Qg4
21. Qxh6 Rfe8 22. Ne3 Qxg2+ 23. Kxg2 gxh6 24. Nf5 Kh7 25. Kf3 Kg6 26. Ne3 Nd4+
27. Kf4 f5 28. Rg1+ Kf6 29. Nd5+ Kf7 30. Nc3 Ne2+ 31. Nxe2 Rxe2 32. f3 Rxc2 33.
Kxf5 c4 34. Rg6 Rb5+ 0-1